000 00453nam a2200169Ia 4500
005 20250508152956.0
008 008 250505s9999 xx 000 0 eng d
037 _aTextual
040 _aFEDL
_beng
_cFEDL
041 _aeng
_2eng
084 _a949.6, RUM
_qFEDL
245 0 _aRumania in brief
260 _aBucharest
_bMeridiane Publishing HouseĀ 
_c1962
300 _a116p.
942 _cTEXL
_h949.6, RUM
999 _c1339937
_d1339937